000 00691nam a2200205Ia 4500
005 20260121110337.0
008 008 260114s9999 xx 000 0 hin d
020 _a9788132353546
037 _aEBOOK
040 _aCRL
_bhin
_cCRL
041 _ahin
_2hin
084 _qCRL
100 _aरामचंन्द्र बैठा / Animesh Tripathi
_9945024
245 0 _aपुस्तकालय में संदर्भ सेवा / Pustakalay mein Sandarbh Seva
260 _bभाषा प्रकाशन / Bhasha Prakashan
_c2020
856 _uhttps://bhashaprakashan.com/product-details/382458
942 _cEBOOK
999 _c1536688
_d1536688